[Event "Degola o Rei"]
[Site "http://www.queenalice.com/game.php?id=301487"]
[Date "2007.11.10"]
[Round "-"]
[White "roquefrizzo"]
[Black "marcelogirotto"]
[Result "1/2-1/2"]
[WhiteElo "1297"]
[BlackElo "1289"]

1. c4 Nf6 2. Nf3 e6 3. a4 Bb4 4. Qb3 Nc6 5. g3 Rb8 6. Bg2 a6 7. O-O b5 8. cxb5
axb5 9. a5 Qe7 10. a6 Na5 11. Rxa5 Bxa5 12. a7 Ra8 13. Qxb5 Rxa7 14. Qb8 Ra6 15.
Qxc8+ Qd8 16. Qxa6 c6 17. Nd4 O-O 18. d3 g6 19. Bd2 Bc7 20. Qb7 Ng4 21. Bxc6
dxc6 22. Qxc6 Bb8 23. Nxe6 Qd6 24. Qxd6 Bxd6 25. Nd4 Rb8 26. b3 Bc5 27. Nc6 Rxb3
28. d4 Bb6 29. Ba5 Bc7 30. Bxc7 Rb5 31. Rd1 Rh5 32. Kg2 Rxh2+ 33. Kf3 Nxf2 34.
Rf1 Nd3 35. exd3 Rh5 36. Re1 Rf5+ 37. Ke4 Rf6 38. d5 Kg7 39. d6 Re6+ 40. Ne5 f6
41. d7 Rxe5+ 42. Bxe5 fxe5 43. Kxe5 h5 44. d8=Q g5 45. Qf6+ Kh7 46. Qxg5 h4 47.
Qxh4+ Kg8 48. Rf1 Kg7 49. Qf6+ Kg8 50. Rh1 1/2-1/2

[Event "Challenge"]
[Site "http://www.queenalice.com/game.php?id=304164"]
[Date "2007.11.15"]
[Round "-"]
[White "Arthur0007"]
[Black "marcelogirotto"]
[Result "1-0"]
[WhiteElo "1564"]
[BlackElo "1288"]

1. e4 e5 2. Nf3 d6 3. d4 exd4 4. Nxd4 c5 5. Nf5 Nf6 6. Ng3 Bg4 7. f3 Bh5 8. Bg5
Be7 9. e5 dxe5 10. Bxf6 Bg6 11. Qxd8+ Kxd8 12. Bxe7+ Kxe7 13. Na3 Nc6 14. c3
Rhe8 15. Bb5 Kf8 16. O-O a6 17. Bxc6 bxc6 18. b3 Bd3 19. Rf2 Rad8 20. Rd2 Kg8
21. Rad1 c4 22. Nxc4 g6 23. Rxd3 Rb8 24. Rd7 e4 25. Nxe4 Rb5 26. Nf6+ Kf8 27.
Nxe8 Kxe8 28. Rc7 Kf8 29. Rxf7+ Kxf7 30. Nd6+ Kg7 31. Nxb5 axb5 32. a4 h5 33. a5
h4 34. a6 1-0

[Event "Little_Link"]
[Site "http://www.queenalice.com/game.php?id=304609"]
[Date "2007.11.15"]
[Round "2"]
[White "marcelogirotto"]
[Black "Little_Link"]
[Result "1-0"]
[WhiteElo "1261"]
[BlackElo "1340"]

1. e4 e5 2. d3 Nf6 3. Be3 Bd6 4. f3 Bb4+ 5. c3 Ba5 6. f4 exf4 7. Bxf4 d5 8. b4
Bb6 9. Nh3 dxe4 10. Qa4+ Bd7 11. Qb3 exd3 12. Bxd3 O-O 13. Ng5 Be8 14. Bc4 Qe7+
15. Kd1 Ng4 16. Rf1 Be3 17. Qc2 Bxf4 18. Qxh7# 1-0

[Event "Winchester"]
[Site "http://www.queenalice.com/game.php?id=311355"]
[Date "2007.11.28"]
[Round "1"]
[White "marcelogirotto"]
[Black "pedrogarciass"]
[Result "1-0"]
[WhiteElo "1362"]
[BlackElo "1749"]

1. d4 d5 2. Bf4 Nf6 3. e3 h6 4. Bb5+ Bd7 5. Bd3 Bg4 6. f3 Bh5 7. Bb5+ c6 8. Ba4
Nbd7 9. Nc3 e6 10. g4 Bg6 11. h4 Qa5 12. a3 b5 13. Nh3 Nb6 14. Bb3 Be7 15. Qd2
b4 16. Nb1 O-O 17. c3 Bxb1 18. Rxb1 bxc3 19. bxc3 Qxa3 20. O-O Nfd7 21. Bc2 Nc4
22. Qd3 Bxh4 23. Qh7# 1-0

[Event "novo jogo"]
[Site "http://www.queenalice.com/game.php?id=320401"]
[Date "2007.12.15"]
[Round "-"]
[White "roquefrizzo"]
[Black "marcelogirotto"]
[Result "1-0"]
[WhiteElo "1309"]
[BlackElo "1405"]

1. Nc3 e6 2. d4 d5 3. Qd3 Bb4 4. Qb5+ Nc6 5. a3 Ba5 6. Qd3 Bd7 7. Qg3 Nf6 8.
Qxg7 Ke7 9. Bg5 Kd6 10. Bxf6 Qe8 11. Be5+ Nxe5 12. Qxe5+ Ke7 13. b4 f6 14. Qg3
Bb6 15. Qg7+ Qf7 16. Qxf7+ Kxf7 17. e3 e5 18. Nxd5 exd4 19. Bc4 Kg6 20. Nf3 Bf5
21. Bd3 dxe3 22. fxe3 Rae8 23. Nh4+ Kg5 24. Nxf5 c6 25. h4+ Kg6 26. O-O-O cxd5
27. Nd6+ Re4 28. h5+ Kh6 29. Bxe4 dxe4 30. Nf7+ Kg7 31. Nxh8 Kxh8 32. h6 Bxe3+
33. Kb1 b5 34. Rd8# 1-0

[Event "??????"]
[Site "http://www.queenalice.com/game.php?id=320602"]
[Date "2007.12.15"]
[Round "-"]
[White "marcelogirotto"]
[Black "lucasalex"]
[Result "0-1"]
[WhiteElo "1395"]
[BlackElo "1563"]

1. e4 c5 2. Bc4 d6 3. d3 Nc6 4. Bf4 e5 5. Bg3 Nf6 6. Nc3 g6 7. Bh4 Bg7 8. Nf3
O-O 9. O-O Re8 10. Ng5 Rf8 11. Nb5 a6 12. Na3 Ne7 13. c3 d5 14. exd5 Nexd5 15.
Bg3 Ne8 16. h4 h6 17. Ne4 b6 18. Bb3 Bb7 19. d4 cxd4 20. cxd4 exd4 21. Nc4 Ndf6
22. Nxf6+ Bxf6 23. Qd3 Bxh4 24. Qd2 Bxg3 25. fxg3 Kg7 26. Rf4 Nf6 27. Rxd4 Qc7
28. Rf4 Qc6 29. Ne5 Qc5+ 30. Rf2 Ne4 31. Nd7 Nxd2 32. Nxc5 Nxb3 33. axb3 bxc5
34. Raf1 Bd5 35. Rd1 Bxb3 36. Rd3 c4 37. Rd4 a5 38. Rd7 a4 39. Rd5 c3 40. Rb5 c2
41. Rf1 Rad8 42. Rc1 Rd1+ 43. Rxd1 cxd1=Q+ 44. Kf2 Re8 0-1

[Event "Challenge"]
[Site "http://www.queenalice.com/game.php?id=326396"]
[Date "2007.12.27"]
[Round "-"]
[White "marcelogirotto"]
[Black "FENIX_RJ"]
[Result "1-0"]
[WhiteElo "1390"]
[BlackElo "1508"]

1. d4 d5 2. Bf4 Nf6 3. e3 Nc6 4. Bb5 Bd7 5. Na3 e5 6. Bxe5 Ne4 7. Qf3 Bb4+ 8. c3
Bxa3 9. bxa3 Nxc3 10. Bxg7 Qg5 11. Bxh8 Qg4 12. Bd3 Qe6 13. Bxh7 Qh6 14. Qh3 Qe6
15. Bf5 Qd6 16. Nf3 O-O-O 17. Be5 Qxa3 18. O-O Ne7 19. Qh7 Bxf5 20. Qxf7 Ne2+
21. Kh1 Rg8 22. Rfe1 Nc3 23. g3 Ne4 24. Kg1 Kd7 25. Rec1 Rc8 26. Qg7 Qb2 27. Nh4
Rg8 28. Rxc7+ Kd8 29. Qxe7# 1-0

[Event "Challenge"]
[Site "http://www.queenalice.com/game.php?id=330912"]
[Date "2008.1.4"]
[Round "-"]
[White "roquefrizzo"]
[Black "marcelogirotto"]
[Result "1-0"]
[WhiteElo "1365"]
[BlackElo "1385"]

1. Nf3 d6 2. d4 Bf5 3. Nc3 Nf6 4. Nh4 e6 5. e3 Nc6 6. Qf3 Nb4 7. Qxb7 Nxc2+ 8.
Kd2 Nxa1 9. Bb5+ Nd7 10. Bxd7+ Kxd7 11. Nxf5 Rb8 12. Qxa7 exf5 13. b4 Qc8 14.
Qa5 Qb7 15. Ba3 Ra8 16. Qxf5+ Kd8 17. Rxa1 Rxa3 18. Qb5 Qxg2 19. Qf5 Qc6 20. Nb5
Ra8 21. Rc1 Qe8 22. Nxc7 Rxa2+ 23. Rc2 Qa4 24. Rxa2 Qxa2+ 25. Kd3 Be7 26. Ne6+
Ke8 27. Qb5# 1-0

[Event "Challenge"]
[Site "http://www.queenalice.com/game.php?id=344505"]
[Date "2008.1.28"]
[Round "-"]
[White "marcelogirotto"]
[Black "Sabaak_No_Gaara"]
[Result "0-1"]
[WhiteElo "1390"]
[BlackElo "1926"]

1. d4 Nf6 2. Bf4 g6 3. e3 Bg7 4. Nf3 d6 5. Bc4 Bg4 6. Nc3 O-O 7. O-O Nbd7 8. Qd3
Bxf3 9. gxf3 Nh5 10. Nd5 e6 11. Nb4 Nxf4 12. exf4 Qh4 13. Bb5 Nf6 14. Qe3 Bh6
15. Nd3 Nd5 16. Qd2 Bxf4 17. Nxf4 Nxf4 18. Rfe1 Qg5+ 19. Kf1 Qg2# 0-1

[Event "Challenge"]
[Site "http://www.queenalice.com/game.php?id=344506"]
[Date "2008.1.28"]
[Round "-"]
[White "heberesteves"]
[Black "marcelogirotto"]
[Result "0-1"]
[WhiteElo "1186"]
[BlackElo "1382"]

1. e3 d5 2. Qf3 c6 3. Nh3 Na6 4. c4 e6 5. Ng5 f6 6. Nh3 Ne7 7. Nc3 Nf5 8. e4 Nd4
9. Qe3 e5 10. f4 Nc2+ 0-1

[Event "Challenge"]
[Site "http://www.queenalice.com/game.php?id=344507"]
[Date "2008.1.28"]
[Round "-"]
[White "Typhoon"]
[Black "marcelogirotto"]
[Result "1-0"]
[WhiteElo "1452"]
[BlackElo "1409"]

1. Nf3 d5 2. d4 Bf5 3. e3 Qd7 4. Nc3 e6 5. Bb5 c6 6. Bd3 Bb4 7. Bxf5 exf5 8. Bd2
Nh6 9. Ne5 Qd6 10. Qh5 g6 11. Qxh6 f6 12. Nf3 Na6 13. O-O O-O-O 14. Na4 g5 15.
a3 b5 16. Bxb4 Nxb4 17. axb4 bxa4 18. Rxa4 g4 19. Nh4 Qd7 20. Qxf6 Rdf8 21. Qe5
c5 22. bxc5 Qxa4 23. Nxf5 Re8 24. Qxd5 Rd8 25. Nd6+ Kd7 26. g3 Qa6 27. Nf7+ Ke7
28. Nxd8 Rxd8 29. Qg5+ Ke8 30. Qh5+ Kf8 31. f3 Qe2 32. fxg4+ Ke7 33. Qxh7+ Ke8
34. Qf7# 1-0

[Event "Challenge"]
[Site "http://www.queenalice.com/game.php?id=350060"]
[Date "2008.2.7"]
[Round "-"]
[White "Typhoon"]
[Black "marcelogirotto"]
[Result "1-0"]
[WhiteElo "1432"]
[BlackElo "1384"]

1. e4 e5 2. d4 exd4 3. Qxd4 Nc6 4. Qe3 Nf6 5. e5 Nd5 6. Qe4 Ncb4 7. Qe2 Bc5 8.
c3 Nc6 9. c4 Nf4 10. Bxf4 O-O 11. Nc3 Bd4 12. Ne4 f5 13. Ng5 h6 14. N5f3 g5 15.
Be3 Bxb2 16. Qxb2 f4 17. Bd4 g4 18. Nd2 Qh4 19. g3 fxg3 20. fxg3 Qe7 21. c5 Qf7
22. Bc4 d5 23. Bd3 Na5 24. O-O-O Bf5 25. Bxf5 Qxf5 26. Bc3 Rad8 27. Bxa5 b6 28.
Bb4 bxc5 29. Bxc5 Rfe8 30. Rf1 Rb8 31. Rxf5 Rxb2 32. Kxb2 Rb8+ 33. Nb3 1-0

[Event "Challenge"]
[Site "http://www.queenalice.com/game.php?id=359432"]
[Date "2008.2.23"]
[Round "-"]
[White "Feee"]
[Black "marcelogirotto"]
[Result "1-0"]
[WhiteElo "1704"]
[BlackElo "1411"]

1. d4 d5 2. g3 Nf6 3. Bg2 Nc6 4. Nc3 Bg4 5. h3 Bh5 6. Bg5 e6 7. g4 Bg6 8. Nf3
Qd6 9. a3 h6 10. Bd2 Be7 11. e3 Ne4 12. Nxe4 Qd7 13. Nc5 Bxc5 14. dxc5 Ne5 15.
Nxe5 Qb5 16. b4 Be4 17. f3 1-0

[Event "Challenge"]
[Site "http://www.queenalice.com/game.php?id=369104"]
[Date "2008.3.11"]
[Round "-"]
[White "Matrim"]
[Black "marcelogirotto"]
[Result "1-0"]
[WhiteElo "1611"]
[BlackElo "1370"]

1. d4 d5 2. e3 Bf5 3. Qf3 Bxc2 4. Na3 Be4 5. Qf4 e6 6. Nh3 Bd6 7. Qg4 Nh6 8.
Qxg7 Kd7 9. Qxh6 Nc6 10. Ng5 Qe7 11. f3 Bg6 12. h4 f6 13. Nh3 Bg3+ 14. Kd1 Bf2
15. Nxf2 f5 16. h5 Bf7 17. Nh3 a5 18. Ng5 Rag8 19. Nxh7 1-0

[Event "Winchester"]
[Site "http://www.queenalice.com/game.php?id=371696"]
[Date "2008.3.15"]
[Round "2"]
[White "MGimenes"]
[Black "marcelogirotto"]
[Result "1-0"]
[WhiteElo "2017"]
[BlackElo "1386"]

1. d4 d5 2. c4 dxc4 3. e4 Nf6 4. Nc3 Bg4 5. f3 Be6 6. d5 Bd7 7. Bxc4 Na6 8. Nge2
c6 9. O-O cxd5 10. Nxd5 e6 11. Nxf6+ gxf6 12. Be3 Qc7 13. Rc1 1-0